000 00987nac a22002171u 4500
008 100907t xxu||||| |||| 00| 0 eng d
010 _a2001052187
020 _a0072369655
020 _a0071150978
082 0 0 _a005.73
_bC7121
100 _aCollins, William J.
_918595
245 1 0 _aData structures and the standard template library /
_cWilliam J. Collins.
260 _aBoston :
_bMcGraw-Hill,
_c2003.
300 _axx, 664 p. :
_bill. ;
_c24 cm.
504 _aIncludes bibliographical references (p. 651-652) and index.
650 0 _aData structures (Computer science).
_918596
856 4 2 _3Publisher description
_uhttp://www.loc.gov/catdir/description/mh021/2001052187.html
856 4 2 _3Table of contents
_uhttp://www.loc.gov/catdir/toc/mh021/2001052187.html
942 _cBB
_k005.73C7121
_2ddc
999 _c661
_d661